01648cam a2200289 a 45000010009000000050017000090080041000260100017000670150019000840160018001030200043001210200040001640350024002040350039002280500024002671000029002912450158003202600088004783000044005665000100006105040066007105050402007766000042011787000026012207100029012468560083012751525402720170130085514.0080409s2008 maua bc 001 0 eng  a 2008016468 aGBA8983402bnb7 a0146912832Uk a9780262012508 (hardcover : alk. paper) a0262012502 (hardcover : alk. paper) a(OCoLC)ocn225089515 a(OCoLC)225089515z(OCoLC)21693836700aN6811.5.W454A4 20081 aWest, Franz,d1947-2012.10aFranz West, to build a house you start with the roof :bwork 1972-2008 /cDarsie Alexander ; contributions by Tom Eccles, Rachel Harrison and Eric Banks. aCambridge, Mass. :bMIT Press ;aBaltimore, Md. :bBaltimore Museum of Art,cc2008. a288 p. :bill. (chiefly col.) ;c29 cm. aCatalog of an exhibition to be held at the Baltimore Museum of Art, Oct. 12, 2008-Jan. 4, 2009. aIncludes bibliographical references (p. [263]-269) and index.0 aLenders to the exhibition -- Foreword / Doreen Bolger -- Acknowledgments / Darsie Alexander -- Introduction / Darsie Alexander -- Franz West : what to do? / Darsie Alexander -- Atelier / Franz West -- Waking up to zombies : an interview with Franz West / Tom Eccles -- Hostess with the mostess / Rachel Harrison and Eric Banks -- Chronology -- Bibliography -- Checklist of the exhibition -- Index.10aWest, Franz,d1947-2012vExhibitions.1 aAlexander, M. Darsie.2 aBaltimore Museum of Art.413Table of contents onlyuhttp://www.loc.gov/catdir/toc/ecip0816/2008016468.html